| 000 | 00440nam a22001817a 4500 | ||
|---|---|---|---|
| 003 | OSt | ||
| 005 | 20260306142139.0 | ||
| 008 | 260306b |||||||| |||| 00| 0 eng d | ||
| 020 | _a9788198375926 | ||
| 082 |
_a 954.2 _bSHAK |
||
| 100 | _aSharma, Sadhish | ||
| 245 | _aKhajuraho:odyssey of stone poetry | ||
| 260 |
_aChennai _bUniversal Publishing _c2026 |
||
| 300 | _a176p | ||
| 546 | _aEnglish | ||
| 650 | _aHistory | ||
| 942 |
_2ddc _cBK |
||
| 999 |
_c3951 _d3951 |
||